Anatomie coeur - Statistiques

Statistiques générales
  • Ce quiz a été pris 1 222 fois
  • Le résultat moyen est 5 sur 14
Statistiques - réponses
Hint Réponse % Correct
14 Aorte
88%
13 Artère pulmonaire
56%
2 Veine pulmonaire
55%
8 Ventricule gauche
51%
10 Valve mitrale
45%
1 Veine cave supérieur
45%
11 Valve aortique
43%
5 Valve tricuspide
43%
3 Valve pulmonaire
41%
12 Atrium gauche
30%
4 Atrium droit
29%
9 Cordages
6%
7 Piliers
6%
6 Ventricules droit
4%
Aucun quiz correspondant
Distribution des résultats
% des personnes avec chaque résultat
Percentile par nombre de réponses
Votre historique - résultats
Vous n’avez pas pris ce quiz